1986 1615 1440 1650 1510 1705 1511 1317 1160 1962 1790 1587 1322 1646 1385 1209 1535 1018 1800 1706 1979 1362 1477 1993 1078 1613 1041 1995 1484 1551 1530 1240 1585 1040 1927 1694 1156 1394 1735 1270 1340 1683 1083 1745 1317 1437 1056 1914 1936 1024 1700 1767 1775 1489 1548 1323 1643 1270 1683 1294 1310 1849 1408 1007 1716 1206 1750 1272 1134 1033 1522 1572 1363 1891 1857 1046 1916 1533 1657 1668 1572 1790 1847 1847 1824 1664 1238 1510 1077 1648 1586 1101 1590 1826 1175 1620 1366 1069 1471 BCNSPRNW ULIB Ver.6.0+V

เปลี่ยนเป็นภาษาไทย

Change to English
 แสดงรายละเอียดบรรณานุกรม
  กลับหน้าหลัก

Brief Record : Get Marc (ISO 2709) : E-mail record : QR code < ปิดหน้าต่าง
LEADER : 00000nam 2200000uu 4500
001    13399121387
003     ULIB
008    121116s2010||||th 000 0 eng d
099    ^aวจ.WC515^bN161S
100 0  ^aNaiyana Praditsitthikorn
245 10 ^aSystematic review of economic evaluations on preparedness and interventions against influenza pandemics /^cNaiyana Praditsitthikorn ... [et al.] ; submitted by Health Intervention and Technology Assessment Program (HITAP)
246 24 ^aResearch report systematic review of economic evaluations on preparedness and interventions against influenza pandemics
260    ^aNonthaburi :^bHealth Intervention and Technology Assessment Program,^c2010
300    ^a52 p. :^bill. ;^c24 cm.
500    ^aSend to Single Search
536    ^aThis study was funded by a grant from the Global InfluenzaProgramme (GIP), World Health Organization
650  2 ^aInfluenza Pandemic^vresearch
650  2 ^aSystematic reviews (Medical research)
710 1  ^aThailand. ^bHealth Intervention and Technology Assessment Program
710 2  ^aWorld Health Organization. ^bGlobal Influenza Programme
945    ^p0^l0^i033122
995    ^a kesorn
999    ^aใช้งานได้ทุกระบบ
รายการนี้ยังไม่มีแท็ก
คุณยังไม่ได้ล็อกอิน คุณสามารถมีกิจกรรมร่วมกับเว็บไซต์ได้ แต่ต้องล็อกอินก่อน ::
  ล็อกอิน

รายการสื่อสารสนเทศ

ลำดับที่ ประเภท เลขเรียก/บาร์โค้ด สถานที่ สถานะ
1. งานวิจัย
งานวิจัย
วจ.WC515 N161S  
  Barcode: 033122
ห้องสมุดวิทยาเขตสวรรค์ประชารักษ์
►วิจัย
บนชั้น

BibComment


ยังไม่เคยถูกคอมเมนท์

คอมเมนท์ทรัพยากรรายการนี้
  คอมเมนท์: Systematic revie..


 Copyright 2026. Bcnsprnw @Library